000 00545nam a2200181Ia 4500
001 64396
008 210419n2017 ii |||gr||||Z||||||465
020 _a9788131606902
082 _a577
100 _aSaxena, H. M.,
_eAuthor.,
245 0 _aEnvironmental ecology, biodiversity and climate change :
_btowards sustainable development /
_cH. M. Saxena .
_hTextual Documents
260 _aNew Delhi
_bRawat Publications
_c2017
300 _aix, 269 p.
653 _aEcology
653 _aBiodiversity
653 _aClimate change
942 _2ddc
_cBK
999 _c65496
_d65496